[Event "It"]
[Site "Dortmund GER"]
[Date "1997.07.12"]
[Round "8"]
[White "Kramnik, V."]
[Black "Topalov, V."]
[Result "1/2-1/2"]
[WhiteElo "2770"]
[BlackElo "2745"]
[PlyCount "71"]
[EventDate "1997.??.??"]
[EventType "tourn"]
[EventRounds "9"]
[EventCategory "18"]

1. Nf3 Nf6 2. c4 g6 3. Nc3 Bg7 4. e4 d6 5. d4 O-O 6. Be2 e5 7. O-O Nc6 8. d5
Ne7 9. b4 a5 10. Ba3 axb4 11. Bxb4 Nd7 12. a4 Bh6 13. a5 f5 14. Nd2 Kh8 15. Bd3
Rf6 16. Na4 Rf7 17. c5 dxc5 18. Bc3 fxe4 19. Bxe4 Nf5 20. Nc4 Nd6 21. Nxe5 Nxe5
22. Bxe5+ Bg7 23. Bxg7+ Rxg7 24. Nxc5 b6 25. Ne6 Bxe6 26. dxe6 Nxe4 27. axb6
cxb6 28. Re1 Nc3 29. e7 Nxd1 30. exd8=B Rxd8 31. Rexd1 Rxd1+ 32. Rxd1 Rb7 33.
Kf1 b5 34. Rb1 Kg7 35. Ke2 Kf6 36. Kd3 1/2-1/2

[Event "Fontys"]
[Site "Tilburg NED"]
[Date "1998.10.28"]
[Round "5"]
[White "Topalov, V."]
[Black "Kramnik, V."]
[Result "1/2-1/2"]
[WhiteElo "2700"]
[BlackElo "2780"]
[PlyCount "92"]
[EventDate "1998.??.??"]
[EventType "tourn"]
[EventRounds "11"]
[EventCategory "18"]

1. e4 e5 2. Nf3 Nf6 3. Nxe5 d6 4. Nf3 Nxe4 5. d4 d5 6. Bd3 Nc6 7. O-O Be7 8. c4
Nb4 9. Be2 O-O 10. Nc3 Be6 11. Be3 Bf5 12. Qb3 c6 13. c5 Nxc3 14. bxc3 Nc2 15.
Qxb7 Nxa1 16. Rxa1 Qe8 17. Qa6 f6 18. Ne1 Qc8 19. Qxc8 Bxc8 20. Bf4 Bd8 21. Nc2
Re8 22. Bd3 a5 23. Ne3 Ra7 24. Nf5 Bxf5 25. Bxf5 a4 26. Kf1 Ba5 27. Rc1 a3 28.
Rc2 g6 29. Bd3 Rb7 30. Bc1 Rb1 31. g3 Reb8 32. Ke2 R1b2 33. Kd2 Kf7 34. Be2 f5
35. Kd3 g5 36. Bd1 Kf6 37. h3 h6 38. Bf3 Kg6 39. g4 Bc7 40. gxf5+ Kf6 41. Re2
Rxe2 42. Bxe2 Bf4 43. Bxa3 Ra8 44. Bb2 Rxa2 45. Kc2 Kxf5 46. Bf3 Ra6 1/2-1/2

[Event "XXI SuperGM"]
[Site "Linares ESP"]
[Date "2004.02.26"]
[Round "7"]
[White "Kramnik, V."]
[Black "Topalov, V."]
[Result "1-0"]
[WhiteElo "2777"]
[BlackElo "2735"]
[PlyCount "73"]
[EventDate "2004.02.19"]
[EventType "tourn"]
[EventRounds "14"]
[EventCountry "ESP"]
[EventCategory "20"]
[Source "Mark Crowther"]
[SourceDate "2004.03.01"]

1. e4 c5 2. Nf3 d6 3. d4 cxd4 4. Nxd4 Nf6 5. Nc3 a6 6. Be3 e5 7. Nb3 Be6 8. f3
Nbd7 9. Qd2 b5 10. O-O-O h5 11. Nd5 Bxd5 12. exd5 g6 13. Kb1 Nb6 14. Qc3 Be7
15. Qc6+ Nbd7 16. Bb6 Qxb6 17. Qxa8+ Nb8 18. Na5 Nfd7 19. Nc6 Bg5 20. Qa7 Nxc6
21. Qxb6 Nxb6 22. dxc6 Ke7 23. Rd3 Rc8 24. Ra3 Na4 25. c4 Rxc6 26. Be2 Rb6 27.
cxb5 axb5 28. Bxb5 Rxb5 29. Rxa4 f5 30. Rd1 Be3 31. a3 d5 32. b4 d4 33. Ra5
Rxa5 34. bxa5 Kd6 35. Kc2 e4 36. fxe4 fxe4 37. Re1 1-0

[Event "6th Amber Rapid"]
[Site "Monaco"]
[Date "1997.04.22"]
[Round "4"]
[White "Kramnik, V."]
[Black "Topalov, V."]
[Result "1/2-1/2"]
[WhiteElo "2740"]
[BlackElo "2725"]
[PlyCount "78"]
[EventDate "1997.??.??"]
[EventType "tourn"]
[EventRounds "11"]
[EventCategory "18"]

1. Nf3 Nf6 2. c4 c5 3. Nc3 Nc6 4. g3 g6 5. Bg2 Bg7 6. d4 cxd4 7. Nxd4 O-O 8.
O-O d6 9. Nxc6 bxc6 10. Bxc6 Rb8 11. Qa4 Bh3 12. Bg2 Bxg2 13. Kxg2 Qd7 14. Rb1
Qxa4 15. Nxa4 Rfc8 16. c5 dxc5 17. Be3 c4 18. Bxa7 Rb4 19. Nc3 e6 20. Bd4 Nd5
21. Bxg7 Kxg7 22. Rfc1 Nxc3 23. Rxc3 Rcb8 24. Rc2 g5 25. a3 Rb3 26. Rxc4 Rxb2
27. Rxb2 Rxb2 28. e3 Ra2 29. Ra4 h5 30. h3 f5 31. Ra7+ Kf6 32. Ra8 g4 33. hxg4
hxg4 34. a4 Ra1 35. a5 Ke5 36. a6 Ke4 37. a7 Ke5 38. Kh2 Ke4 39. Kg2 Ke5
1/2-1/2

[Event "Amber Rapid"]
[Site "Monte Carlo MON"]
[Date "1998.03.14"]
[Round "2"]
[White "Topalov, V."]
[Black "Kramnik, V."]
[Result "1/2-1/2"]
[WhiteElo "2740"]
[BlackElo "2790"]
[PlyCount "56"]
[EventDate "1998.??.??"]
[EventType "tourn"]
[EventRounds "11"]
[EventCategory "18"]

1. d4 Nf6 2. c4 e6 3. Nc3 Bb4 4. Qc2 O-O 5. a3 Bxc3+ 6. Qxc3 b6 7. Bg5 Bb7 8.
f3 h6 9. Bh4 d5 10. e3 Nbd7 11. cxd5 Nxd5 12. Bxd8 Nxc3 13. Bh4 Nd5 14. Bf2 c5
15. Bb5 Rfd8 16. Ne2 cxd4 17. Nxd4 Nc5 18. O-O Nc7 19. Bc4 e5 20. Nf5 Ba6 21.
Bxa6 N7xa6 22. Ne7+ Kf8 23. Nc6 Re8 24. b4 Re6 25. bxc5 Rxc6 26. cxb6 axb6 27.
e4 Nc5 28. Rfc1 Rac8 1/2-1/2

[Event "8th Amber Blindfold"]
[Site "Monte Carlo MNC"]
[Date "1999.03.16"]
[Round "1"]
[White "Topalov, V."]
[Black "Kramnik, V."]
[Result "1/2-1/2"]
[WhiteElo "2700"]
[BlackElo "2751"]
[PlyCount "57"]
[EventDate "1999.??.??"]

1. d4 Nf6 2. c4 e6 3. Nf3 d5 4. Nc3 Be7 5. Bg5 h6 6. Bh4 O-O 7. e3 b6 8. Be2
Bb7 9. Bxf6 Bxf6 10. cxd5 exd5 11. b4 c6 12. Qb3 a5 13. bxa5 Rxa5 14. Rb1 Nd7
15. O-O Be7 16. a4 Bd6 17. e4 dxe4 18. Nxe4 Bc7 19. Rfe1 Nf6 20. Bd3 c5 21.
dxc5 Nxe4 22. Bxe4 Bxe4 23. Rxe4 Rxc5 24. g3 Qf6 25. Kg2 Rc3 26. Qd1 Qc6 27.
Qe2 Rc2 28. Qe3 Rc3 29. Qe2 1/2-1/2

[Event "Amber Rapidplay"]
[Site "Monaco MNC"]
[Date "2000.03.19"]
[Round "4"]
[White "Kramnik, V."]
[Black "Topalov, V."]
[Result "0-1"]
[WhiteElo "2758"]
[BlackElo "2702"]
[PlyCount "66"]
[EventDate "2000.03.16"]
[EventType "tourn"]
[EventRounds "11"]
[EventCategory "18"]

1. d4 Nf6 2. Nf3 c5 3. d5 b5 4. Bg5 Ne4 5. Bh4 Bb7 6. Qd3 f5 7. Nbd2 c4 8. Qd4
Na6 9. c3 Nxd2 10. Qxd2 Qb6 11. O-O-O g6 12. Qd4 Rg8 13. e4 Bg7 14. Qxb6 axb6
15. exf5 gxf5 16. Re1 Nc5 17. Rxe7+ Kf8 18. Nd4 Rxa2 19. Nxf5 Bxd5 20. Nd6 Ra1+
21. Kc2 Bh6 22. Re8+ Kg7 23. Rxg8+ Bxg8 24. Nf5+ Kg6 25. Nxh6 Nb3 26. Bxc4 Bxc4
27. Rxa1 Nxa1+ 28. Kb1 Nb3 29. Ng4 Kh5 30. Nf6+ Kxh4 31. Nxh7 Bd3+ 32. Ka2 Nc1+
33. Ka3 Bxh7 0-1

[Event "Amber Blindfold"]
[Site "Monaco MNC"]
[Date "2000.03.19"]
[Round "4"]
[White "Topalov, V."]
[Black "Kramnik, V."]
[Result "1/2-1/2"]
[WhiteElo "2702"]
[BlackElo "2758"]
[PlyCount "77"]
[EventDate "2000.03.16"]
[EventType "tourn"]
[EventRounds "11"]
[EventCategory "18"]

1. e4 c5 2. Nf3 Nc6 3. d4 cxd4 4. Nxd4 Nf6 5. Nc3 d6 6. Bg5 e6 7. Qd2 a6 8.
O-O-O Be7 9. f4 Nxd4 10. Qxd4 b5 11. Bxf6 gxf6 12. Be2 Qc7 13. f5 Qc5 14. Qxc5
dxc5 15. Rhf1 Ra7 16. a4 b4 17. Nb1 Rd7 18. Rxd7 Kxd7 19. Nd2 h5 20. Nc4 Kc7
21. b3 exf5 22. exf5 Bd6 23. Nxd6 Kxd6 24. Rf4 a5 25. g3 Ke5 26. Rh4 Bxf5 27.
Rxh5 Rxh5 28. Bxh5 Bg6 29. Be2 f5 30. Kd2 f4 31. g4 Ke4 32. h4 f3 33. Bd3+ Kf4
34. Bxg6 fxg6 35. h5 Kg3 36. hxg6 f2 37. g7 f1=Q 38. g8=Q Qf4+ 39. Ke2 1/2-1/2

[Event "Amber Rapidplay"]
[Site "Monaco MNC"]
[Date "2001.03.19"]
[Round "3"]
[White "Kramnik, V."]
[Black "Topalov, V."]
[Result "1/2-1/2"]
[WhiteElo "2772"]
[BlackElo "2718"]
[PlyCount "119"]
[EventDate "2001.03.17"]
[Source "Mark Crowther"]
[SourceDate "2001.03.19"]

1. d4 Nf6 2. c4 e6 3. Nc3 c5 4. d5 exd5 5. cxd5 d6 6. Nf3 g6 7. Nd2 Bg7 8. e4
O-O 9. Be2 Re8 10. O-O Na6 11. f3 Nc7 12. a4 Nd7 13. Kh1 b6 14. Nc4 Ne5 15. Ne3
f5 16. f4 Nf7 17. exf5 gxf5 18. Bd3 Nh6 19. Qc2 Qf6 20. Bd2 Bd7 21. Rf3 Kh8 22.
Raf1 Re7 23. Rh3 Qf7 24. Nc4 Qg6 25. Rg3 Ng4 26. h3 h5 27. Ne3 Nxe3 28. Rxg6
Nxc2 29. Bxc2 Ne8 30. Rg5 Nf6 31. Bxf5 Bxf5 32. Rxf5 Rae8 33. Kh2 Kh7 34. Kg3
a6 35. Kh4 Kg6 36. g4 hxg4 37. hxg4 b5 38. axb5 axb5 39. Rg5+ Kf7 40. Nxb5 Rh8+
41. Rh5 Nxh5 42. Nxd6+ Kf8 43. gxh5 Bf6+ 44. Kg4 Rg7+ 45. Kf5 Bxb2 46. Rh1 Rd7
47. Ke6 Re7+ 48. Kf5 Rd7 49. Be3 Bd4 50. Bxd4 cxd4 51. Ke5 d3 52. Nf5 d2 53. h6
Kf7 54. Rd1 Re8+ 55. Kd4 Re2 56. h7 Rd8 57. Ng3 Rf2 58. Ne4 Rxf4 59. Rxd2 Rh4
60. Rf2+ 1/2-1/2

[Event "Amber Rapidplay"]
[Site "Monaco MNC"]
[Date "2002.03.16"]
[Round "1"]
[White "Kramnik, V."]
[Black "Topalov, V."]
[Result "1/2-1/2"]
[WhiteElo "2809"]
[BlackElo "2739"]
[PlyCount "64"]
[EventDate "2002.03.16"]
[EventType "tourn (rapid)"]
[EventRounds "11"]
[EventCountry "MNC"]
[EventCategory "18"]
[Source "Mark Crowther"]
[SourceDate "2002.03.18"]

1. Nf3 c5 2. c4 g6 3. d4 Bg7 4. e4 d6 5. d5 e6 6. h3 exd5 7. exd5 Nh6 8. Qe2+
Kf8 9. Bf4 f5 10. Ng5 Nf7 11. Qd2 Qe7+ 12. Be2 Ne5 13. O-O h6 14. Ne6+ Bxe6 15.
dxe6 Nbc6 16. Nc3 Qxe6 17. Nd5 Rd8 18. Be3 Kg8 19. Rae1 Kh7 20. b4 cxb4 21. f4
Nd7 22. Bf3 Qf7 23. Nxb4 Nxb4 24. Qxb4 Nc5 25. Bd5 Qc7 26. Bxc5 dxc5 27. Qxb7
Qxb7 28. Bxb7 Rhe8 29. Bd5 Bc3 30. Rxe8 Rxe8 31. Rb1 Re1+ 32. Rxe1 Bxe1 1/2-1/2

[Event "Amber Blindfold"]
[Site "Monte Carlo MNC"]
[Date "2004.04.01"]
[Round "11"]
[White "Topalov, V."]
[Black "Kramnik, V."]
[Result "1/2-1/2"]
[WhiteElo "2735"]
[BlackElo "2777"]
[PlyCount "82"]
[EventDate "2004.03.20"]
[EventType "tourn (rapid)"]
[EventRounds "11"]
[EventCountry "MNC"]
[EventCategory "19"]
[Source "Mark Crowther"]
[SourceDate "2004.04.05"]

1. d4 Nf6 2. c4 e6 3. Nf3 b6 4. g3 Ba6 5. b3 Bb4+ 6. Bd2 Be7 7. Nc3 O-O 8. Rc1
Bb7 9. Bg2 d5 10. Ne5 Na6 11. cxd5 exd5 12. O-O c5 13. Be3 Re8 14. Nd3 Qd7 15.
Na4 cxd4 16. Bxd4 Ne4 17. Nf4 Bf8 18. Nc3 Rad8 19. e3 Nb4 20. Bh3 Qe7 21. Nb5
Nc6 22. Bb2 d4 23. Nxd4 Nxf2 24. Rxf2 Qxe3 25. Bg2 Nxd4 26. Bxb7 Bc5 27. b4
Ne2+ 28. Qxe2 Qxf2+ 29. Qxf2 Bxf2+ 30. Kxf2 Rd2+ 31. Kf3 Rxb2 32. Bd5 Kf8 33.
Bb3 Rxh2 34. Nd5 Rh5 35. g4 Rh3+ 36. Kg2 Rd3 37. Rc7 Rd8 38. Nf4 R3d7 39. Rc6
Rd6 40. Rc7 R6d7 41. Rc6 Rd6 1/2-1/2